Математическая модель процесса переработки свинцового агломерата в шахтных печах; Известия Томского политехнического университета [Известия ТПУ]; Т. 323, № 3 : Химия

Dades bibliogràfiques
Parent link:Известия Томского политехнического университета [Известия ТПУ]/ Томский политехнический университет (ТПУ).— , 2000-
Т. 323, № 3 : Химия.— 2013.— [С. 66-69]
Autor principal: Шадрин Г. К. Геннадий Константинович
Autor corporatiu: Восточно-Казахстанский государственный технический университет
Altres autors: Аяганова А. Ж. Аяжан Жанбаевна
Sumari:Заглавие с титульного листа
Электронная версия печатной публикации
Рассмотрен процесс переработки свинцового агломерата в шахтных печах. Предложен метод разбиения рабочего пространства шахтной печи на зоны. Показан подход к применению ячеечных моделей построения процессов шахтной плавки. Разработана математическая модель материальных потоков восстановительной зоны шахтной печи.
The paper considers lead concentrate processing in blast furnaces. The authors have proposed a method of a shaft furnace workspace area partitioning. The approach to application of cell models for building blast smelting processes was shown. The mathematical model of material flows of shaft furnace reduction zone was developed.
Idioma:rus
Publicat: 2013
Col·lecció:Химия
Matèries:
Accés en línia:http://earchive.tpu.ru/bitstream/11683/5000/1/bulletin_tpu-2013-323-3-13.pdf
Format: MixedMaterials Electrònic Capítol de llibre
KOHA link:https://koha.lib.tpu.ru/cgi-bin/koha/opac-detail.pl?biblionumber=246515

MARC

LEADER 00000nla2a2200000 4500
001 246515
005 20231031211529.0
035 |a (RuTPU)RU\TPU\book\267966 
035 |a RU\TPU\book\267959 
090 |a 246515 
100 |a 20131205d2013 k y0rusy50 ca 
101 0 |a rus 
102 |a RU 
135 |a drnn ---uucaa 
181 0 |a i  
182 0 |a b 
200 1 |a Математическая модель процесса переработки свинцового агломерата в шахтных печах  |b Электронный ресурс  |f Г. К. Шадрин, А. Ж. Аяганова 
203 |a Текст  |c электронный 
215 |a 1 файл (250 Кб) 
225 1 |a Химия 
230 |a Электронные текстовые данные (1 файл : 250 Кб) 
300 |a Заглавие с титульного листа 
300 |a Электронная версия печатной публикации 
320 |a [Библиогр.: с. 69 (9 назв.)] 
330 |a Рассмотрен процесс переработки свинцового агломерата в шахтных печах. Предложен метод разбиения рабочего пространства шахтной печи на зоны. Показан подход к применению ячеечных моделей построения процессов шахтной плавки. Разработана математическая модель материальных потоков восстановительной зоны шахтной печи. 
330 |a The paper considers lead concentrate processing in blast furnaces. The authors have proposed a method of a shaft furnace workspace area partitioning. The approach to application of cell models for building blast smelting processes was shown. The mathematical model of material flows of shaft furnace reduction zone was developed. 
337 |a Adobe Reader 
453 |t Mathematical model of lead concentrate processing in shaft furnaces  |o translation from Russian  |f G. K. Shadrin, A. Zh. Ayaganova  |c Tomsk  |n TPU Press  |d 2013  |a Shadrin, G. K. 
461 1 |0 (RuTPU)RU\TPU\book\176237  |t Известия Томского политехнического университета [Известия ТПУ]  |f Томский политехнический университет (ТПУ)  |d 2000- 
463 1 |0 (RuTPU)RU\TPU\book\267390  |x 1684-8519  |t Т. 323, № 3 : Химия  |v [С. 66-69]  |d 2013 
610 1 |a шахтные печи 
610 1 |a математические модели 
610 1 |a ячейки 
610 1 |a материальный баланс 
610 1 |a идеальное смешение 
610 1 |a свинцовый англомерат 
610 1 |a переработка 
610 1 |a электронный ресурс 
610 |a shaft furnace 
610 |a lead 
610 |a mathematical model 
610 |a ideal mixing cell 
610 |a mass balance 
700 1 |a Шадрин  |b Г. К.  |g Геннадий Константинович  |6 z01712 
701 1 |a Аяганова  |b А. Ж.  |g Аяжан Жанбаевна  |6 z02712 
712 0 2 |a Восточно-Казахстанский государственный технический университет  |c Усть-Каменогорск  |6 z01700 
712 0 2 |a Восточно-Казахстанский государственный технический университет  |c Усть-Каменогорск  |6 z02701 
801 1 |a RU  |b 63413507  |c 20090623  |g PSBO 
801 2 |a RU  |b 63413507  |c 20190517  |g PSBO 
856 4 |u http://earchive.tpu.ru/bitstream/11683/5000/1/bulletin_tpu-2013-323-3-13.pdf 
942 |c CF